|
|
|
|
| LEADER |
00000cam a2200000 cc4500 |
| 001 |
43410549X |
| 003 |
DE-627 |
| 005 |
20250825145612.0 |
| 007 |
tu |
| 008 |
990101s1883 xx ||||| 00| ||fre c |
| 035 |
|
|
|a (DE-627)43410549X
|
| 035 |
|
|
|a (DE-576)9434105498
|
| 035 |
|
|
|a (DE-599)GBV43410549X
|
| 035 |
|
|
|a (OCoLC)160171724
|
| 040 |
|
|
|a DE-627
|b ger
|c DE-627
|e rakwb
|
| 041 |
|
|
|a fre
|
| 100 |
1 |
|
|0 (DE-588)117586943
|0 (DE-627)144921065
|0 (DE-576)291511163
|4 aut
|a Bergaigne, Abel
|d 1838-1888
|
| 109 |
|
|
|a Bergaigne, Abel 1838-1888
|a Bergaigne, Abel Henri Joseph 1838-1888
|
| 245 |
1 |
3 |
|a La religion védique d'après les hymnes du Rig-Veda
|n T. 3
|
| 264 |
|
1 |
|a Paris
|c 1883
|
| 300 |
|
|
|a 370 S.
|c 8°
|
| 336 |
|
|
|a Text
|b txt
|2 rdacontent
|
| 337 |
|
|
|a ohne Hilfsmittel zu benutzen
|b n
|2 rdamedia
|
| 338 |
|
|
|a Band
|b nc
|2 rdacarrier
|
| 490 |
1 |
|
|a (Bibliothèque de l'École des hautes études
|a Sciences philologiques et historiques
|v 54)
|
| 601 |
|
|
|a Religion
|
| 773 |
1 |
8 |
|a La religion védique d'après les hymnes du Rig-Veda
|w (DE-627)433809655
|w (DE-576)9433809653
|g T. 3
|q 3.1883
|7 nnam
|
| 810 |
2 |
|
|a École pratique des hautes études
|b Section 4, Sciences historiques et philologiques
|t Bibliothèque de l'Ecole des Hautes Etudes, 4. Section Sciences Historiques et Philologiques
|v 54
|9 54
|w (DE-627)130530689
|w (DE-576)000038644
|w (DE-600)773724-5
|x 0761-148X
|7 am
|
| 935 |
|
|
|a FBGO
|a mteo
|
| 951 |
|
|
|a MV
|
| ELC |
|
|
|b 1
|
| LOK |
|
|
|0 000 xxxxxcx a22 zn 4500
|
| LOK |
|
|
|0 001 4555335333
|
| LOK |
|
|
|0 003 DE-627
|
| LOK |
|
|
|0 004 43410549X
|
| LOK |
|
|
|0 005 20250128082834
|
| LOK |
|
|
|0 008 240722||||||||||||||||ger|||||||
|
| LOK |
|
|
|0 040
|a DE-Tue135
|c DE-627
|d DE-Tue135
|
| LOK |
|
|
|0 092
|o n
|
| LOK |
|
|
|0 852
|a DE-Tue135
|
| LOK |
|
|
|0 852 1
|9 00
|
| LOK |
|
|
|0 866
|x SPQUE#Forschungsbibliothek Gotha#SPSAM#Herzogliche Sammlung (Theologie)#SPSYS#03 Theologie
|
| LOK |
|
|
|0 866
|x SPQUE#Forschungsbibliothek Gotha#SPSAM#Bestand Theologie (bis 2024-03)
|
| LOK |
|
|
|0 935
|a FBGO
|a gohs
|a goth
|
| LOK |
|
|
|0 939
|a 22-07-24
|b l01
|
| ORI |
|
|
|a SA-MARC-ixtheoa001.raw
|